000 00235 a2200097 4500
001 30829
100 _aWilgus, A C
245 _aReadings in Latin American Civilization
260 _aNew York
_bBarnes & Noble
_c
090 _c20726
_d20726
942 _aNUST-CAE
_cM
_c11921
999 _c265902
_d265902